| 000 | 01293nam a2200265 a 4500 | ||
|---|---|---|---|
| 001 | 000017787 | ||
| 003 | OSt | ||
| 005 | 20210427113422.0 | ||
| 008 | 100406s1946 dr 000 0 spa d | ||
| 040 |
_aDO-SdBNP _bspa _cBNPHU |
||
| 082 |
_a987 _bU73v, 1946 |
||
| 100 | 1 |
_aUrbina, Rafael Simón _938672 _d1897-1950 |
|
| 245 | 1 | 0 |
_aVictoria, dolor y tragedia : _brelación cronológica y autobiográfica de Rafael Simón Urbina / _cUrbina, Rafael Simón ; prólogo Jorge Luciani |
| 250 | _a2a. ed. | ||
| 260 |
_aCiudad Trujillo, República Dominicana : _bLuis Sánchez Andújar , _c1946. |
||
| 300 |
_a178 p. ; _c22 cm. |
||
| 500 | _aIncluye notas al pie de la páginas. | ||
| 505 | 0 |
_tUna familia de valientes -- _tPrimeros pasos de Urbina -- _tAsalto a la isla de Curazao -- _tDe nuevo en los médanos y sobre los picachos -- _tEn la tierra viril de los Aztecas -- _tHacia Venezuela en el vapor ¨Superior¨ -- _tEl espíritu inquieto de Wendehake -- _tLos nuevos planes de Urbina -- _tApéndices / |
|
| 590 | _aInventariado, 2020/ YL | ||
| 600 | 1 | 4 |
_aURBINA, RAFAEL SIMÓN, _d1830-1935 _xCORRESPONDENCIA, MEMORIAS, ETC. _938673 |
| 651 | 4 |
_aVenezuela _xHistoria _y1830-1935 _96715 |
|
| 700 | 1 | 2 |
_aLuciani, Jorge _eprol. _977381 |
| 910 | _aValidado. Control de calidad MMOLINA | ||
| 942 |
_2ddc _cLBS1 |
||
| 999 |
_c17312 _d17312 |
||